Surjyakumar bhuyar jiwani sahitya (Record no. 2730)

MARC details
000 -LEADER
fixed length control field 00543cam a2200205ua 4500
001 - CONTROL NUMBER
control field 2883
005 - DATE AND TIME OF LATEST TRANSACTION
control field 20260515113610.0
008 - FIXED-LENGTH DATA ELEMENTS--GENERAL INFORMATION
fixed length control field 110913n ii |||gr||||Z||||||asm
040 ## - CATALOGING SOURCE
Transcribing agency MAIN
082 ## - DEWEY DECIMAL CLASSIFICATION NUMBER
Classification number 920
100 ## - MAIN ENTRY--PERSONAL NAME
Personal name Bhuyan, Surjyakumar,
245 11 - TITLE STATEMENT
Title Surjyakumar bhuyar jiwani sahitya
Statement of responsibility, etc. by Surjyakumar Bhuyan
250 ## - EDITION STATEMENT
Edition statement 1st.
260 ## - PUBLICATION, DISTRIBUTION, ETC.
Place of publication, distribution, etc. Guahati:
Name of publisher, distributor, etc. Publication board assam,
Date of publication, distribution, etc. 2007.
300 ## - PHYSICAL DESCRIPTION
Extent 585p:
Dimensions 23cm.
653 ## - INDEX TERM--UNCONTROLLED
Uncontrolled term Biography
653 ## - INDEX TERM--UNCONTROLLED
Uncontrolled term Biography of Surjyakumar Bhuyan
700 1# - ADDED ENTRY--PERSONAL NAME
Personal name Sharma, Anjali,
Relator term Editor.
942 ## - ADDED ENTRY ELEMENTS (KOHA)
Koha item type Books
Holdings
Withdrawn status Lost status Damaged status Not for loan Home library Current library Shelving location Date acquired Total checkouts Full call number Barcode Date last seen Copy number Price effective from Koha item type
        Naharkatiya College Library Naharkatiya College Library General stacks 09/19/2020   920 | BHU 18837 09/19/2020 1 09/19/2020 Books